Grafová spojitosť a iné typy zovšeobecnenej spojitosti funkcií a multifunkcií kandidátska dizertačná práca

Saved in:
Bibliographic Details
Main Author: Sakálová, Katarína, 1955-
Corporate Author: Univerzita Komenského v Bratislave. Matematicko-fyzikálna fakulta
Other Authors: Neubrunn, Tibor, Kostyrko, Pavol
Format: Book
Language:Slovak
Published: Bratislava 1994
Subjects:
Tags: Add Tag
No Tags, Be the first to tag this record!

MARC

LEADER 00000nam$a2200000$$$4500
001 0101005
005 20221207103808.9
041 0 |a slo 
044 |a SK 
245 1 0 |a Grafová spojitosť a iné typy zovšeobecnenej spojitosti funkcií a multifunkcií  |b kandidátska dizertačná práca  |c Katarína Sakálová ; škol. Tibor Neubrunn, Pavol Kostyrko 
264 1 |a Bratislava  |c 1994 
300 |a 59 s. 
610 2 0 |a funkcie matematické 
610 2 0 |a grafy 
610 2 0 |a analýza matematická 
100 1 |a Sakálová, Katarína, 1955- 
700 1 |a Neubrunn, Tibor 
700 1 |a Kostyrko, Pavol 
710 2 |a Univerzita Komenského v Bratislave. Matematicko-fyzikálna fakulta